Best Picture Winners: 2010s - Sudden Death - Statistics

General Stats
  • This quiz has been taken 6,661 times
  • The average score is 5 of 10
Answers on the Grid
Answers color-coded by a green-red scale on the quiz's grid according to % correct below.
12 Years a Slave
Argo
Avatar: The Last Air Bender
BİRDMAN or (The Unexpected
Virtue of Ignorance)
Black Panther
Cats
Django Unchained
Drive
Green Book
Her
Happytime Murders
La La Land
Les Misérables
Moneyball
Moonlight
Parasite
Spotlight
The Artist
The Grand Budapest Hotel
The King's Speech
The Martian
The Revenant
The Shape of Water
Train to Busan
 
Answer Stats
Answer % Correct
12 Years a Slave
79%
Argo
55%
BİRDMAN or (The Unexpected
Virtue of Ignorance)
54%
Green Book
48%
Moonlight
47%
Parasite
46%
The Shape of Water
41%
The King's Speech
40%
The Artist
34%
Spotlight
33%
No matching quizzes found
Score Distribution
Percent of People with Each Score
Percentile by Number Answered
Your Score History
You have not taken this quiz